00307nam a22001097a 4500020002000000040000900020082001500029100001900044245004400063260004600107650004400153 a139780470148501 cNUST a745.2bNIK aNiku, Saeed B. aCreative Design of Products and Systems aUnited States:bJohn Wiley & Sons,c2009. aCreative Design of Products and Systems